Aires urbaines de Nouvelle-Zélande - Statistiques

Statistiques générales
  • Ce quiz a été pris 33 fois
  • Le résultat moyen est 10 sur 21
Statistiques - réponses
Classement Population Ville % Correct
3 215 100 Wellington
100%
1 1 470 100 Auckland
96%
2 383 200 Christchurch
92%
7 106 200 Dunedin
81%
4 176 500 Hamilton
69%
15 51 100 Nelson
54%
12 58 500 Rotorua
54%
16 50 200 Invercargill
50%
13 57 600 New Plymouth
46%
5 151 300 Tauranga
42%
14 54 400 Whangarei
42%
20 37 000 Gisborne
38%
9 66 300 Napier
38%
8 81 500 Palmerston North
35%
19 42 200 Whanganui
35%
17 49 000 Hastings
23%
6 110 700 Lower Hutt
19%
18 44 300 Upper Hutt
15%
21 30 100 Paraparaumu
12%
10 59 800 Hibiscus Coast
4%
11 59 600 Porirua
4%
Aucun quiz correspondant
Distribution des résultats
% des personnes avec chaque résultat
Percentile par nombre de réponses
Votre historique - résultats
Vous n’avez pas pris ce quiz